ბათუმის შოთა რუსთაველის სახელმწიფო უნივერსიტეტის ბიბლიოთეკა

Художественная культура и археология античного мира : (ბიბ.ჩანაწერი № 61155)

000 -LEADER
fixed length control field 00813nam a22001697a 4500
005 - DATE AND TIME OF LATEST TRANSACTION
control field 20231225153322.0
008 - FIXED-LENGTH DATA ELEMENTS--GENERAL INFORMATION
fixed length control field 231225s1976 ru ||||| |||| 00| 0 rus d
041 ## - LANGUAGE CODE
Language code of text/sound track or separate title rus
080 ## - UNIVERSAL DECIMAL CLASSIFICATION NUMBER
Universal Decimal Classification number 902(3)(075.8) X-98
245 ## - TITLE STATEMENT
Title Художественная культура и археология античного мира :
Remainder of title Сборник памяти Б. В. Фармаковского /
Statement of responsibility, etc. Акад. наук CCCР, Ин-т археологии.
264 ## - PRODUCTION, PUBLICATION, DISTRIBUTION, MANUFACTURE, AND COPYRIGHT NOTICE
Place of production, publication, distribution, manufacture Москва :
Name of producer, publisher, distributor, manufacturer Наука,
Date of production, publication, distribution, manufacture, or copyright notice 1976.
300 ## - PHYSICAL DESCRIPTION
Extent 240 с. :
Other physical details ил. ;
Dimensions 25 см.
653 ## - INDEX TERM--UNCONTROLLED
keyword არქეოლოგია
653 ## - INDEX TERM--UNCONTROLLED
keyword ანტიკური ხელოვნება
653 ## - INDEX TERM--UNCONTROLLED
keyword არქეოლოგიური ძეგლები - შავი ზღვის რეგიონი
942 ## - ADDED ENTRY ELEMENTS (KOHA)
Source of classification or shelving scheme
Koha item type წიგნი
ეგზემპლარები
Withdrawn status Lost status Source of classification or shelving scheme Damaged status Not for loan Permanent Location Current Location Shelving location Date acquired Cost, normal purchase price Full call number Barcode Date last seen Copy number Uniform Resource Identifier Price effective from Koha item type Public note
          ბათუმის შოთა რუსთაველის სახელმწიფო უნივერსიტეტის მთავარი ბიბლიოთეკა ბათუმის შოთა რუსთაველის სახელმწიფო უნივერსიტეტის მთავარი ბიბლიოთეკა წიგნსაცავი 2023-12-25 10.00 902(3)(075.8) X-98 65657 2023-12-25 65657 ბსუ-ს საპატიო დოქტორის გურამ ლორთქიფანიძის საჩუქარი 2023-12-25 წიგნი 10 ლ.